00385nam a22001457a 450000500170000000800410001702200140005804100130007208200130008510000130009824500280011126000480013930000260018765000260021320240319125817.0240319b |||||||| |||| 00| 0 eng d a0258249X  aEnglish  a349 IND  lEnglish  aindustrial Law Journal  aCape Town : bJuta and Company Ltd, c1993  b283 pages ; c25 cm.  aLegal practice bLaw